Statistics for Flags with only Red White and Blue

Click here to take the quiz!

General Stats

  • This quiz has been taken 34 times
    (26 since last reset)
  • The average score is 40 of 45

Answer Stats

Answer% Correct
Norway
100%
Australia
95%
Austria
95%
Canada
95%
Czechia
95%
Denmark
95%
Finland
95%
France
95%
Georgia
95%
Greece
95%
Iceland
95%
Japan
95%
Luxembourg
95%
Nepal
95%
New Zealand
95%
North Korea
95%
Poland
95%
Russia
95%
Switzerland
95%
Turkey
95%
United Kingdom
95%
Costa Rica
91%
Indonesia
91%
Israel
91%
Monaco
91%
Netherlands
91%
Panama
91%
Qatar
91%
Slovakia
91%
United States
91%
Bahrain
86%
Chile
86%
Cuba
86%
Honduras
82%
Peru
82%
Singapore
82%
Somalia
82%
Thailand
82%
Tunisia
82%
Liberia
77%
Tonga
73%
Federated States of Micronesia
68%
Laos
68%
Samoa
68%
Taiwan
68%

Score Distribution

Percentile by Number Answered

Percent of People with Each Score

Your Score History

You have not taken this quiz since the last reset